000 00686nam a2200217Ii 4500
003 JO-AjNU
008 230605s9999||||xx |||||||||||||| ||und||
017 _a2018/7/3535
040 _aJO-AjNU
_bara
_erda
_cJO-AjNU
041 _aara
050 1 4 _aHF5667.J853 2019
100 3 _aجمعة، احمد حلمي,
_eauthor
_961486
245 0 0 _aالأتجاهات الحديثة في المراجعة
250 _aط1
264 3 1 _aعمان:دار الصفاء للنشر،2019
300 _a472ص
336 _atext
_btxt
_2rdacontent
337 _aunmediated
_bn
_2rdamedia
338 _avolume
_bnc
_2rdacarrier
650 4 _aالمحاسبة- تدقيق الحسابات
_961487
999 _aA27795
_c31363
_d31363